Every Country to win an Olympic Medal: Volleyball - Statistics

General Stats
  • This quiz has been taken 33 times
    14 since last reset
  • The average score is 29 of 39
Answer Stats
Sport # of Medals Country % Correct
Beach Volleyball 14 Brazil
100%
Indoor Volleyball 12 Brazil
100%
Indoor Volleyball 2 France
100%
Beach Volleyball 4 Germany
100%
Beach Volleyball 1 Italy
100%
Indoor Volleyball 7 Italy
100%
Indoor Volleyball 9 Japan
100%
Beach Volleyball 1 Netherlands
100%
Indoor Volleyball 2 Netherlands
100%
Beach Volleyball 2 Norway
100%
Beach Volleyball 11 USA
100%
Indoor Volleyball 13 USA
100%
Beach Volleyball 3 Australia
92%
Beach Volleyball 2 China
92%
Indoor Volleyball 6 China
92%
Beach Volleyball 1 Sweden
92%
Indoor Volleyball 2 Argentina
83%
Beach Volleyball 2 Canada
83%
Indoor Volleyball 4 Poland
83%
Indoor Volleyball 1 South Korea
83%
Indoor Volleyball 2 Bulgaria
75%
Indoor Volleyball 5 Cuba
75%
Indoor Volleyball 1 Romania
75%
Indoor Volleyball 6 Russia
75%
Indoor Volleyball 12 Soviet Union
75%
Indoor Volleyball 2 Czechoslovakia
67%
Indoor Volleyball 1 Peru
67%
Beach Volleyball 1 Spain
67%
Beach Volleyball 3 Switzerland
67%
Indoor Volleyball 2 East Germany
58%
Indoor Volleyball 1 Yugoslavia
58%
Beach Volleyball 1 Latvia
50%
Indoor Volleyball 2 Serbia
50%
Indoor Volleyball 1 North Korea
42%
Beach Volleyball 1 Qatar
33%
Indoor Volleyball 1 Unified Team
17%
Beach Volleyball 1 Russian Olympic Committee
8%
Indoor Volleyball 1 Russian Olympic Committee
8%
Indoor Volleyball 1 Serbia and Montenegro
0%
No matching quizzes found
Score Distribution
Percent of People with Each Score
Percentile by Number Answered
Your Score History
You have not taken this quiz since the last reset